000
00312nam a2200121Ia 4500
008
220204s9999 xx 000 0 und d
082
_a
572.1(03)
_b
JEL
100
_a
JELINEK, J
245
0
_a
Pictorial encyclopedia of the evolution of man.
260
_a
London
_b
Hamlyn
_c
1975
650
_a
Evolution
942
_c
BK
999
_c
24747
_d
24747